000 00601nam a2200229Ia 4500
003 OSt
005 20221006164130.0
006 a|||||r|||| 00| 0
007 ta
008 221006b |||||||| |||| 00| 0 eng d
024 _a1,426
037 _cTextual
040 _aFML
_cFML
_beng
041 _2eng
_aeng
082 _aNR5v, K1
100 _aMachilis Joseph Au.
_9676664
245 0 _aIntroduction to Contemporary Music
260 _aNew York
_bW W Norton & Co.
_c1961
300 _a714
_ccm.
942 _hNR5v, K1
_cTEXL
_2CC
999 _c1116299
_d1116299